| Tag |
First Indicator |
Second Indicator |
Subfields |
| LEADER |
00000cam a2200000 a 4500 |
| 001 |
in00001409940 |
| 005 |
20151020070427.0 |
| 008 |
940726s1996 nyua j 000 1 eng |
| 010 |
|
|
|a 94033022
|
| 020 |
|
|
|a 0590440209 :
|c $14.95
|
| 035 |
|
|
|a (OCoLC)31009691
|
| 035 |
|
|
|9 AHP8878AM
|
| 040 |
|
|
|a DLC
|c DLC
|d OCL
|d UtOrBLW
|
| 049 |
|
|
|a TXAG
|
| 050 |
0 |
0 |
|a PZ7.T36967
|b Tu 1996
|
| 082 |
0 |
0 |
|a [E]
|2 20
|
| 100 |
1 |
|
|a Thomassie, Tynia.
|
| 245 |
1 |
0 |
|a Mimi's tutu /
|c by Tynia Thomassie ; illustrated by Jan Spivey Gilchrist.
|
| 264 |
|
1 |
|a New York :
|b Scholastic,
|c 1996.
|
| 300 |
|
|
|a 1 volume (unpaged) :
|b color illustrations ;
|c 29 cm.
|
| 336 |
|
|
|a text
|b txt
|2 rdacontent
|
| 337 |
|
|
|a unmediated
|b n
|2 rdamedia
|
| 338 |
|
|
|a volume
|b nc
|2 rdacarrier
|
| 520 |
|
|
|a Little Mimi enjoys going to African dance class with her mother, but she longs for a tutu for herself.
|
| 650 |
|
1 |
|a Dance
|x Fiction.
|
| 650 |
|
1 |
|a African Americans
|v Fiction.
|
| 700 |
1 |
|
|a Gilchrist, Jan Spivey,
|e illustrator.
|
| 999 |
|
|
|a MARS
|
| 999 |
f |
f |
|s ec814630-c9fb-351e-a6d2-db6d6a5e2824
|i e4eb78f7-8fd8-398b-8706-0cf93b63bdf9
|t 0
|
| 952 |
f |
f |
|p ric
|a Texas A&M University
|b Rellis Campus
|c Joint Library Facility
|d Remote Storage
|t 0
|e PZ7.T36967 Tu 1996
|h Library of Congress classification
|i unmediated -- volume
|m A14822371660
|
| 998 |
f |
f |
|a PZ7.T36967 Tu 1996
|t 0
|l Remote Storage
|